| 000 | 01052nam a2200241 a 4500 | ||
|---|---|---|---|
| 001 | 000041026 | ||
| 005 | 20201002034548.0 | ||
| 008 | 090819s1999 es 001 0 spa d | ||
| 020 | _a8400058062 | ||
| 040 |
_aDO-SdBNP _bspa _cBNPHU |
||
| 082 |
_axxxx _bC322c |
||
| 245 | 0 | 0 |
_aCartas de cabildos hispanoaméricanos : _baudiencia de Lima / _cHa colaborado en los índices de este tomo Ma. Milagros Ciudad Suárez ; edición Javier Ortíz de la Tabla Bucasse ,María Jesús Mejías Álvarez, Águeda Rivera Garrido. |
| 260 |
_aSevilla : _bEscuela de Estudios Hipanoamericanos, _c1999. |
||
| 300 |
_av. (278), p. ; _c25 cm. |
||
| 500 | _aIncluye índice onomástico | ||
| 500 | _aPublicación conmemorativa del v Centenario del Descubrimiento de América | ||
| 505 | 0 |
_gv. 1: _tLos reyes -Lima siglos XVI-XVIi |
|
| 700 | 1 |
_aOrtíz de la Tabla, Javier _eed. _915385 |
|
| 700 | 1 |
_aMejías Álvarez, María Jesús _eed. _967499 |
|
| 700 | 1 |
_aRivera Garrido, Águeda _eed. _967500 |
|
| 700 | 1 |
_aCiudad Suárez, María Milagros _ecool _967501 |
|
| 049 | _aBNPD | ||
| 999 |
_c40516 _d40516 |
||